000 00466nam a2200169Ia 4500
003 GCL
008 140319s9999 xx 000 0 ara d
040 _aGCL /
_cGCL
082 0 4 _a953
_bى ا
100 1 _aيوسف الحمادى
245 1 0 _aامة الاسلام ادواؤها ودواؤها /
_cيوسف الحمادى
300 _a338
490 _aكتاب
_v0
650 0 4 _aالاسلام
650 0 4 _aالتاريخ الاسلامى
942 _2ddc
_cBK
999 _c42540
_d42540